Statistiques concernant Pays avec le plus de sites au patrimoine mondial de l'UNESCO

Cliquez ici pour prendre le quiz!

Statistiques générales

  • Ce quiz a été pris 103 fois
  • Le résultat moyen est 16 sur 20

Statistiques - réponses

NombreRéponse% Correct
43France
100%
52Chine
97%
53Italie
97%
46Espagne
95%
23Etats-Unis
93%
28Russie
90%
21Brésil
88%
42Allemagne
87%
34Mexique
86%
21Japon
85%
18Canada
83%
36Inde
81%
15Portugal
74%
18Grèce
71%
31Royaume-Uni
66%
19Australie
65%
17Turquie
57%
15Pologne
51%
15Suède
49%
22Iran
40%

Distribution des résultats

Percentile par nombre de réponses

% des personnes avec chaque résultat

Votre développement - résultats

Vous n’avez pas pris ce quiz